Science Quiz

Random Science or Computer Quiz
Score 0/32 Timer 05:00
0 Plays Today
% Correct
00000
83.5%
00001
80.2%
00010
75.9%
00011
74.2%
00100
72.1%
00101
70.1%
01000
69.6%
00111
68.6%
00110
68.2%
01001
66.7%
01010
60.1%
10000
59.9%
01111
57.4%
10001
57%
01011
55.2%
01100
54.9%
% Correct
11111
53.7%
10010
53.1%
01110
52.2%
01101
51.9%
10011
50.8%
10100
50%
11000
48.1%
10101
47.8%
10111
46%
10110
45.8%
11001
44.9%
11110
44.5%
11010
43.4%
11100
42.2%
11011
41.1%
11101
40.7%
Remove Ads.
Support Sporcle.
Get the best of Sporcle when you Go Orange. This ad-free experience offers more features, more stats, and more fun while also helping to support Sporcle. Thank you for becoming a member.

You're not logged in!

Compare scores with friends on all Sporcle quizzes.
OR
Log In

Show Comments

Extras

Top Quizzes Today


Score Distribution

Your Account Isn't Verified!

In order to create a playlist on Sporcle, you need to verify the email address you used during registration. Go to your Sporcle Settings to finish the process.

Report this User

Report this user for behavior that violates our Community Guidelines.

Details: